000 00373nam a2200145Ia 4500
008 230312s9999||||xx |||||||||||||| ||und||
082 _a338.005
_bNAQ-E
100 _aDr.S.M.Naqi
245 0 _aEntrepreneurship
260 _bNaqi Hyder & Associates
_aPakistan
300 _a454
546 _aEng.
650 _aManagement
_vShort Stories,Some Pakistanis Abroad
942 _cBK
999 _c6103
_d6103